00810nam a22002411a 450000100060000000300080000600500170001400800410003103500190007203500140009104000290010504100080013408200160014210000260015824500460018426000680023030000310029850400410032965100290037094200120039999900170041195201400042823610BD-RjUL20211209000942.0140311r19601959enkab 000 0 eng d a(BD-RjUL)23675 a(BD-RjUL) aNZOCbengcNZOCdBD-RjUL aeng00a916.67bBOG1 aBoateng, E. A.97268012aA geography of Ghana /cby E. A. Boateng. aCambridge :bCambridge University Press,c1959 [reprinted 1960] axvi, 204 p. :bill., maps. aIncludes bibliographical references. 0aGhanaxGeography.972681 2ddccBK c23610d23610 00102ddc40728NFICaRUCLbRUCLcReadingd1962-11-29eZeitlingerg21.00l0o916.67 BOG 1960r2014-03-11 00:00:00tC-1w2014-03-11yBK